LEADER 01004nam a2200217 i 4500 001 000000146724 003 CaOOAMICUS 005 20160215000000.0 008 160215s1951 it u000 u ita u 013 $a123537 040 $aSeMil$bita 100 1 $aCaretta, Alessandro.$0(OLS)http://semarc/name/29033 245 10$aFranchino Gaffurio /$cStudi di Alessandro Caretta ... [et al.] ; Prefazione di Vittorio Beonio Brocchieri. 260 $aLodi :$bEdizioni dell' Archivio storico lodigiano,$cstampa 1951. 300 $a191 p., [9] p. di tav. :$bill. ;$c25 cm. 600 14$aGaffurio, Franchino <1451-1522>.$0(OLS)http://semarc/subject/28707 700 1 $aBeonio-Brocchieri, Vittorio <1902-1979>.$0(OLS)http://semarc/name/11256 850 $aSeMil 852 $aSeMil$W1$xVenegono$y1$m3Q III 47$j99353$B99353$CSeMilBibl$Z2$F107834 $81 996 $6245$aFranchino Gaffurio$9(OLS)http://semarc/title/214555 996 $6260$aLodi :$bEdizioni dell' Archivio storico lodigiano$9(OLS)http://semarc/publisher/47734 LEADER 01227nam a2200277 i 4500 001 000000351704 003 CaOOAMICUS 005 20220930100537.0 008 220929s1984 gw u000 u ger u 013 $a215084 020 $a3-451-19825-8 040 $aSeMil$bita 245 00$a35: Vom tätigen Leben /$cerarbeitet von Dietmar Mieth und Rudolf Walter ; mit einem Essay von Dietmar Mieth. 264 1$aFreiburg ; Basel ; Wien :$bHerder,$c1984. 300 $a399 p. ;$c21 cm 500 $aVolume numerato anche: Quellenband 5 650 4$aVita cristiana.$0(OLS)http://semarc/subject/4445 700 1 $aMieth, Dietmar,$d<1940- >.$0(OLS)http://semarc/name/5916 700 1 $aWalter, Rudolf.$0(OLS)http://semarc/name/37329 773 0 $tChristlicher Glaube in moderner Gesellschaft.$dFreiburg ; Basel ; Wien : Herder, 1981-1987.$g35$w()31019 850 $aSeMil 852 $aSeMil$W1$xVenegono$y1$m2M II 285$j234647$B242898$CSeMilBibl$Z2$F242898 $81 996 $6020$a3-451-19825-8$9(OLS)http://semarc/number/296798 996 $6245$a35: Vom tätigen Leben$9(OLS)http://semarc/title/441511 996 $6264$aFreiburg ; Basel ; Wien :$bHerder$9(OLS)http://semarc/publisher/29643